000 00544cam a2200181 a 4500
001 13842314
005 20240311011204.0
008 040820s2004 ii b 110 0 eng
020 _a955580088X
040 _aDLC
_cDLC
082 _222
_a323.4.
_bNEE.
245 0 0 _aNeelan Tiruchelvam :
_bcommemoration and conference papers /
_cedited by A.J. Canagaratna.
260 _aColombo :
_bInternational Centre for Ethnic Studies,
_c2004.
300 _a273 p. ;
700 1 _aCanagaratna, A. J.
_eedt
700 1 _aTiruchelvam, Neelan.
_eedt
942 _cL
999 _c561
_d561